Movie Santa's Sleighs Quiz Stats

 Plays Quiz Updated Dec 8, 2018

Support Sporcle.
Go Orange.
Score 0/12 Timer 03:00
5 Plays Today
% Correct
The Lion, the Witch and the Wardrobe
88.6%
Miracle on 34th Street
88.4%
Rudolph the Red-Nosed Reindeer
84.9%
How the Grinch Stole Christmas
84.8%
The Nightmare Before Christmas
83.4%
The Santa Clause
80.5%
Elf
75.9%
The Polar Express
73.8%
Bad Santa
64.2%
Santa Claus: The Movie
60.4%
Arthur Christmas
60%
Santa's Slay
59.2%

From the Vault

All About Alliterative Actors

by EddieFelson

Movies 8m
These people should be easy to remember.
Remove Ads.
Support Sporcle.
Get the best of Sporcle when you Go Orange. This ad-free experience offers more features, more stats, and more fun while also helping to support Sporcle. Thank you for becoming a member.

Show Comments

Extras

Top Quizzes Today


Score Distribution

Your Account Isn't Verified!

In order to create a playlist on Sporcle, you need to verify the email address you used during registration. Go to your Sporcle Settings to finish the process.

Report this User

Report this user for behavior that violates our Community Guidelines.

Details: